000 00549nam a2200205Ia 4500
005 20250508150944.0
008 008 250505s9999 xx 000 0 eng d
020 _a0-415-25388-8
037 _aTextual
040 _aFEDL
_beng
_cFEDL
041 _aeng
_2eng
084 _a301.15, FRO
_qFEDL
100 _aFromm Erich
245 0 _aFear of freedom
260 _aLondon, UK
_bRoutledge and Kegan Paul
_c1942
300 _ax,260p
650 _aPsychology; Sociology
942 _cTEXL
_h301.15, FRO
999 _c1326710
_d1326710